A Délmagyarországi Nevelők Egyesületének Középiskolai Szakosztálya

Elmentve itt :
Bibliográfiai részletek
Dokumentumtípus: Cikk
Megjelent: 1942
Sorozat:Nevelésügyi szemle 6 No. 1-2
Kulcsszavak:Nevelésügy - Magyarország - 20. sz. regionális, Oktatásügy - Magyarország - regionális, Pedagógia - Magyarország - 20. sz. - regionális
Online Access:http://acta.bibl.u-szeged.hu/53430
LEADER 00684nab a2200157 i 4500
001 acta53430
005 20260224081030.0
008 180323s1942 hu o 000 hun d
040 |a SZTE Egyetemi Kiadványok Repozitórium  |b hun 
041 |a hun 
245 0 2 |a A Délmagyarországi Nevelők Egyesületének Középiskolai Szakosztálya  |h [elektronikus dokumentum] 
260 |c 1942 
300 |a 47 
490 0 |a Nevelésügyi szemle  |v 6 No. 1-2 
695 |a Nevelésügy - Magyarország - 20. sz. regionális, Oktatásügy - Magyarország - regionális, Pedagógia - Magyarország - 20. sz. - regionális 
856 4 0 |u http://acta.bibl.u-szeged.hu/53430/1/nev_szem_006_001_002_047.pdf  |z Dokumentum-elérés